Meno nie je len vizitka
Obchodné meno firmu identifikuje a zároveň individualizuje. Obchodné meno fyzickej osoby a právnickej osoby. Ochrana obchodného mena firmy. Obchodné meno ako značka. Najdrahšie obchodné meno: Coca-Ccola.
Saved in:
| Format: | Book Chapter |
|---|---|
| Language: | Slovak |
| Subjects: | |
| Tags: |
No Tags, Be the first to tag this record!
|
MARC
| LEADER | 00000naa$a2200000$$$4500 | ||
|---|---|---|---|
| 001 | 0036634 | ||
| 005 | 20231009070747.7 | ||
| 041 | 0 | |a slo | |
| 044 | |a SK | ||
| 245 | 1 | 0 | |a Meno nie je len vizitka |
| 520 | |a Obchodné meno firmu identifikuje a zároveň individualizuje. Obchodné meno fyzickej osoby a právnickej osoby. Ochrana obchodného mena firmy. Obchodné meno ako značka. Najdrahšie obchodné meno: Coca-Ccola. | ||
| 610 | 2 | 0 | |a firmy |
| 610 | 2 | 0 | |a osoby právnické |
| 610 | 2 | 0 | |a osoby fyzické |
| 610 | 2 | 0 | |a meno obchodné |
| 610 | 2 | 0 | |a značky výrobkov |
| 610 | 2 | 0 | |a značky kvality |
| 610 | 2 | 0 | |a ochrana autorstva |
| 610 | 2 | 0 | |a ochrana právna |